Rosco de Pasapalabra #10 - Estadísticas

Estadísticas generales
  • Esta prueba ha sido intentada 1.311 veces
  • La puntuación promedio es 13 de 25
Estadísticas de respuestas
Inicial Definición Respuesta % Correcto
A Saco relleno de una materia esponjosa y blanda que se usa para apoyar la cabeza en la cama Almohada
99%
G Comunidad autónoma con capital en la ciudad de Santiago de Compostela Galicia
88%
M Elemento químico metálico, de símbolo Hg, que se emplea como líquido en los termómetros Mercurio
86%
J Vaso, por lo general de porcelana, artísticamente labrado, para adornar consolas y chimeneas Jarrón
78%
F Perteneciente o relativo al río Fluvial
70%
Contiene la Ñ Coloquialmente, diente Piño
70%
V Trasladarse de un lugar a otro, generalmente distante, por cualquier medio de locomoción Viajar
69%
H Limpieza o aseo de una persona o un lugar público Higiene
67%
B Crustáceo semejante a la langosta, pero con grandes pinzas en el primer par de patas Bogavante
66%
Contiene la Q Antiguo tribunal eclesiástico que investigaba y castigaba los delitos contra la fe Inquisición
66%
Z Se dice de la persona que tiene tendencia natural a utilizar preferentemente la mano y el pie izquierdos Zurdo
65%
O En los cuentos y leyendas, monstruo de figura humana que devora a las personas Ogro
62%
D Cada una de las cifras que componen un número Dígito
57%
P Pequeña porción de sustancia medicinal Pastilla
57%
I Entre los musulmanes, encargado de dirigir la oración en la mezquita Imán
52%
U Ciudad, especialmente la muy populosa Urbe
50%
Contiene la X Rechinamiento de dientes involuntario que se produce especialmente durante el sueño Bruxismo
42%
T Rifa pública de objetos diversos, generalmente como negocio de feria o con fines benéficos Tómbola
39%
R Porción horizontal en que termina cada tramo de escalera Rellano
36%
L Hacer que los ingredientes empleados en una salsa formen una masa homogénea Ligar
28%
Contiene la Y Zapatilla de lona con suela de goma que se usa en verano Playera
22%
C Exaltación desmesurada de lo nacional frente a lo extranjero Chovinismo
12%
N En las labores de punto de media, cada uno de los puntos dobles con que se da forma a la prenda Nudillo
2%
E Apellido del cantante que publicó el álbum 'Senior Soul' Eckstine
1%
S Nombre del faraón de Egipto que fue el primero de la cuarta dinastía y tuvo como sucesor a su hijo Keops Seneferu
1%
No se encontraron pruebas coincidentes
Distribución de puntuación
Porcentaje de gente con cada puntuación
Porcentaje por número respondido
Historial de tus puntuaciones
No has intentado esta prueba.